[Event "Hoogeveen Open"]
[Site "Hoogeveen, Netherlands"]
[Date "2016.10.19"]
[Round "6.22"]
[White "Hoffman, Ron"]
[Black "Schut, Han"]
[Result "1/2-1/2"]
[WhiteElo "2074"]
[BlackElo "2128"]
[PlyCount "22"]
[EventDate "2016.??.??"]

1. c4 Nf6 2. Nc3 d5 3. cxd5 Nxd5 4. g3 c5 5. Bg2 Nc7 6. Qa4+ Qd7 7. Qxd7+ Nxd7
8. d3 Rb8 9. Nf3 e5 10. Be3 Be7 11. Nd2 O-O 1/2-1/2

[Event "Hoogeveen Open"]
[Site "Hoogeveen, Netherlands"]
[Date "2016.10.19"]
[Round "6.23"]
[White "Hulshof, Peter"]
[Black "Sparenberg, Erik"]
[Result "1/2-1/2"]
[WhiteElo "2223"]
[BlackElo "2140"]
[PlyCount "30"]
[EventDate "2016.??.??"]

1. e4 e5 2. Nf3 Nc6 3. Nc3 Nf6 4. g3 Be7 5. Bg2 O-O 6. O-O d6 7. h3 Re8 8. d3
Bf8 9. Be3 g6 10. Qd2 Bg7 11. Rae1 Bd7 12. Kh2 a6 13. Bh6 Bh8 14. Bg5 Qc8 15.
Ng1 Nd4 1/2-1/2

[Event "Hoogeveen Open"]
[Site "Hoogeveen, Netherlands"]
[Date "2016.10.19"]
[Round "6.24"]
[White "Elgersma, Simon"]
[Black "Vroombout, Enrico"]
[Result "0-1"]
[WhiteElo "2084"]
[BlackElo "2190"]
[PlyCount "162"]
[EventDate "2016.??.??"]

1. e4 e6 2. d4 d5 3. Nd2 Nf6 4. e5 Nfd7 5. f4 c5 6. c3 Nc6 7. Ndf3 c4 8. Ne2 b5
9. g4 h5 10. gxh5 Rxh5 11. Ng3 Rh8 12. h4 Nb6 13. Bh3 Ne7 14. Qc2 g6 15. h5 Nf5
16. Bxf5 gxf5 17. Ng5 Rh6 18. Bd2 Bd7 19. Kf2 Qe7 20. Rh3 O-O-O 21. Ne2 Bg7 22.
Rah1 Rdh8 23. Kg2 Be8 24. Ng3 Kc7 25. Nf3 Bf8 26. Be1 f6 27. exf6 Qxf6 28. Qe2
Bd6 29. Bd2 Nc8 30. Ng5 Ne7 31. Re1 Bd7 32. Nf3 Qg7 33. Ne5 Be8 34. Kf2 Ng8 35.
Rg1 Qh7 36. Nf3 Nf6 37. Ng5 Qe7 38. Rgh1 Ne4+ 39. Kg2 Kb7 40. Be3 Qc7 41. Qf3
Qe7 42. Bc1 Bc6 43. Qe2 $11 Qc7 44. Qf3 a5 45. Ne2 b4 46. Be3 Qg7 47. Kf1 Ka8
48. Rg1 Qb7 49. Nxe4 dxe4 50. Qg2 Bd5 51. Rg3 Bf8 52. Rg8 Ka7 53. Rxh8 Rxh8 54.
Qg5 Bh6 55. Qf6 Qh7 56. Rg6 Ka6 57. Qxf5 Kb5 $11 58. Qe5 Ka4 59. cxb4 axb4 60.
Qd6 Qb7 61. Qe5 Qh7 62. Rf6 Rd8 63. Ke1 Bf8 64. Rg6 Bd6 65. Qg5 Rh8 66. h6 Be7
67. Qg4 Qf7 68. Kd2 c3+ 69. bxc3 Ka3 70. Qg1 Bxa2 71. Rg7 Qf8 72. Qc1+ Ka4 73.
Qa1 b3 74. Nc1 Rxh6 75. Rg2 Rh1 76. Ke2 Bh4 77. c4 Re1+ 78. Kd2 Qb4+ 79. Qc3
Rd1+ 80. Ke2 Qxc3 81. Nd3 Qxd3# 0-1

[Event "Hoogeveen Open"]
[Site "Hoogeveen, Netherlands"]
[Date "2016.10.19"]
[Round "6.25"]
[White "Nguyen, Kevin"]
[Black "Van der Veen, Jan"]
[Result "1-0"]
[WhiteElo "2185"]
[BlackElo "2059"]
[PlyCount "61"]
[EventDate "2016.??.??"]

1. e4 e5 2. Nf3 Nc6 3. Bb5 Nf6 4. d3 d6 5. c3 Be7 6. O-O O-O 7. h3 a6 8. Ba4 b5
9. Bc2 Re8 10. Be3 Bf8 11. Nbd2 h6 12. d4 Bb7 13. d5 Nb8 14. a4 c6 15. dxc6
Bxc6 16. axb5 axb5 17. Rxa8 Bxa8 18. Qa1 Bc6 19. Rd1 Nbd7 20. Qa2 Qa8 21. Qb3
Nc5 22. Bxc5 dxc5 23. c4 b4 24. Qe3 g6 25. Ne1 Nd7 26. Nb3 Nb6 27. Ra1 Na4 28.
f3 Qd8 29. Nd3 Qb6 30. Nd2 b3 31. Bxb3 1-0

[Event "Hoogeveen Open"]
[Site "Hoogeveen, Netherlands"]
[Date "2016.10.19"]
[Round "6.26"]
[White "Van Dael, Siem"]
[Black "Keetman, Maaike"]
[Result "0-1"]
[WhiteElo "1995"]
[BlackElo "2174"]
[PlyCount "70"]
[EventDate "2016.??.??"]

1. e4 c5 2. Nf3 e6 3. d4 cxd4 4. Nxd4 Nc6 5. Nc3 Qc7 6. Be3 a6 7. Qd2 Nf6 8. f3
Be7 9. O-O-O b5 10. g4 Nxd4 11. Bxd4 Bb7 12. g5 Nh5 13. Be5 Qxe5 14. Qxd7+ Kf8
15. Qxb7 Qb8 16. Qxb8+ Rxb8 17. Rg1 h6 18. h4 Nf4 19. Ne2 Ng6 20. Rg4 Nxh4 21.
gxh6 Rxh6 22. Nd4 Bc5 23. Nc6 Rc8 24. Ne5 Bf2 25. Rd7 Rf6 26. Rd6 Nxf3 27. Nd7+
Ke7 28. Rd3 Ne1 29. Rd2 Be3 30. Nxf6 Rxc2+ 31. Kd1 Rxd2+ 32. Kxe1 Kxf6 33. Rg3
Bh6 34. Rf3+ Ke5 35. Rxf7 Rxb2 0-1

[Event "Hoogeveen Open"]
[Site "Hoogeveen, Netherlands"]
[Date "2016.10.19"]
[Round "6.27"]
[White "Schoehuijs, Erik"]
[Black "Henseler, Jorgen"]
[Result "0-1"]
[WhiteElo "2169"]
[BlackElo "2053"]
[PlyCount "64"]
[EventDate "2016.??.??"]

1. d4 Nf6 2. c4 g6 3. Nc3 d5 4. cxd5 Nxd5 5. e4 Nxc3 6. bxc3 Bg7 7. Nf3 c5 8.
Rb1 O-O 9. Be2 cxd4 10. cxd4 Qa5+ 11. Bd2 Qxa2 12. O-O Bg4 13. Rxb7 Bxf3 14.
Bxf3 Bxd4 15. e5 Na6 16. Rxe7 Rad8 17. Qe2 Bc5 18. Bg5 Qxe2 19. Bxe2 Bxe7 20.
Bxe7 Nc7 21. Ra1 Rd2 22. Bxf8 Kxf8 23. Bf1 Ne6 24. Rxa7 Rd5 25. f4 Nxf4 26. Bc4
Rd1+ 27. Kf2 Ne6 28. Ra5 Rd2+ 29. Kg3 h5 30. Ra3 h4+ 31. Kxh4 Rd4+ 32. Kg3 Rxc4
0-1

[Event "Hoogeveen Open"]
[Site "Hoogeveen, Netherlands"]
[Date "2016.10.19"]
[Round "6.28"]
[White "Clemens, Adrian"]
[Black "De Vries, Bram"]
[Result "1-0"]
[WhiteElo "2162"]
[BlackElo "1984"]
[PlyCount "69"]
[EventDate "2016.??.??"]

1. d4 Nf6 2. c4 c5 3. d5 b5 4. Qc2 Na6 5. a3 bxc4 6. e4 e6 7. Bxc4 exd5 8. exd5
Nc7 9. Nc3 Bb7 10. Qd3 d6 11. Nf3 Qe7+ 12. Be3 Qd7 13. O-O Be7 14. Rfe1 O-O 15.
Bg5 Rfe8 16. h3 h6 17. Bf4 Bf8 18. Rab1 Rxe1+ 19. Nxe1 Re8 20. Nc2 Qd8 21. b4
cxb4 22. Rxb4 Ba8 23. Qd4 Qe7 24. Rb1 Qd7 25. Ne3 a5 26. a4 Be7 27. Qa7 Bd8 28.
Rb8 g5 29. Bg3 Qe7 30. Qxa5 Nh5 31. Bh2 Nxd5 32. Ncxd5 Bxd5 33. Qxd5 Nf6 34.
Qxd6 Qe4 35. Rxd8 1-0

[Event "Hoogeveen Open"]
[Site "Hoogeveen, Netherlands"]
[Date "2016.10.19"]
[Round "6.29"]
[White "Wedda, Dries"]
[Black "Fehr, Axel, Dr."]
[Result "1/2-1/2"]
[WhiteElo "1994"]
[BlackElo "2130"]
[PlyCount "81"]
[EventDate "2016.??.??"]

1. d4 Nf6 2. c4 g6 3. f3 Bg7 4. e4 d6 5. Nc3 O-O 6. Nge2 c5 7. d5 e6 8. Ng3
exd5 9. cxd5 a6 10. a4 h5 11. Bg5 Re8 12. Be2 Qa5 13. O-O Nh7 14. Be3 Nd7 15.
Qd2 h4 16. Nh1 Ne5 17. Nf2 f5 18. Rfc1 Bd7 19. b3 Rac8 20. f4 Nf7 21. Bd3 Nf6
22. Ra2 Qd8 23. Re1 h3 24. g3 Qa5 25. Kh1 Ng4 26. Nb1 Qxd2 27. Nxd2 Nxe3 28.
Rxe3 Bd4 29. Re2 b5 30. axb5 Bxb5 31. Nc4 Bxf2 32. Rxf2 fxe4 33. Bf1 Bxc4 34.
bxc4 Nh6 35. Bxh3 Nf5 36. Bxf5 gxf5 37. Rxa6 Rcd8 38. Re2 Kf7 39. Kg2 Re7 40.
h3 Rb7 41. Rea2 1/2-1/2

[Event "Hoogeveen Open"]
[Site "Hoogeveen, Netherlands"]
[Date "2016.10.19"]
[Round "6.30"]
[White "Vardan Nagpal"]
[Black "Bensaid, Simon"]
[Result "1-0"]
[WhiteElo "2117"]
[BlackElo "1983"]
[PlyCount "107"]
[EventDate "2016.??.??"]

1. Nf3 Nf6 2. c4 c6 3. d4 d5 4. e3 e6 5. b3 Bb4+ 6. Nbd2 Nbd7 7. Bd3 Ne4 8. Bb2
O-O 9. O-O Nxd2 10. Nxd2 Qa5 11. Nf3 Bc3 12. Bxc3 Qxc3 13. Rc1 Qa5 14. Qc2 g6
15. e4 dxe4 16. Bxe4 Nf6 17. Rfe1 Bd7 18. Re2 Rac8 19. h3 Qc7 20. Rd1 Rfd8 21.
Red2 Qf4 22. Bd3 Be8 $11 23. Bf1 Rd6 24. Rd3 Ne4 25. g3 Qh6 26. h4 Qg7 27. b4
Nf6 28. a4 a6 29. a5 Rcd8 30. Re1 Ng4 31. Bh3 Nh6 32. Rde3 Qf6 33. Kg2 Nf5 34.
Bxf5 Qxf5 35. Qc1 f6 36. Re4 g5 37. hxg5 fxg5 38. Re5 Qf6 39. Nxg5 Rxd4 40.
Nxe6 Rd2 41. R5e2 Rxe2 42. Rxe2 Bh5 43. Re3 Rd1 44. Qc3 Qxc3 45. Rxc3 Rb1 46.
Rd3 Rxb4 47. Rd7 Rxc4 48. Rg7+ Kh8 49. Rxb7 Rg4 50. Rc7 Be8 51. Rc8 Rg8 52. Nc7
Bf7 53. Rxg8+ Kxg8 54. Nxa6 1-0

[Event "Hoogeveen Open"]
[Site "Hoogeveen, Netherlands"]
[Date "2016.10.19"]
[Round "6.31"]
[White "Eck, Mathias"]
[Black "Boersma, Jan"]
[Result "1/2-1/2"]
[WhiteElo "2082"]
[BlackElo "2099"]
[PlyCount "91"]
[EventDate "2016.??.??"]

1. c4 Nf6 2. Nf3 g6 3. e3 Bg7 4. b3 Ne4 5. d4 c5 6. Bd3 Qa5+ 7. Kf1 Nf6 8. Bd2
Qc7 9. Nc3 d6 10. Rc1 O-O 11. h3 b6 12. Kg1 Bb7 13. d5 Nbd7 14. e4 a6 15. Bf4
Ne5 16. Nxe5 dxe5 17. Be3 Rae8 $11 18. Be2 Rd8 19. g4 Ne8 20. Bd3 Nd6 21. Qf3
Bc8 22. Qg2 f6 23. h4 Bd7 24. h5 g5 25. h6 Bh8 26. Ne2 a5 27. a4 Qc8 28. f3 Kf7
29. Ng3 Rg8 30. Nf5 Rg6 31. Rc2 Qc7 32. Qf2 Ra8 33. Qd2 Kf8 34. Qd1 Nf7 $11 35.
Rch2 Nd6 36. Bc2 Kf7 37. Rh3 Rgg8 38. Qd2 Rg6 39. Rh5 Rag8 40. Qf2 Ra8 41. Kf1
Rgg8 42. Qd2 Rg6 43. Bd3 Rag8 44. Ke1 Ra8 45. Bc2 Rag8 46. Qf2 1/2-1/2

[Event "Hoogeveen Open"]
[Site "Hoogeveen, Netherlands"]
[Date "2016.10.19"]
[Round "6.32"]
[White "Mesman, Edwyn"]
[Black "Slingerland, Fred"]
[Result "0-1"]
[WhiteElo "1979"]
[BlackElo "2344"]
[PlyCount "58"]
[EventDate "2016.??.??"]

1. d4 d5 2. Nf3 Nf6 3. c4 dxc4 4. e3 e6 5. Bxc4 c5 6. O-O Nc6 7. Nc3 a6 8. a4
Qc7 9. Qe2 Be7 10. Bd2 O-O 11. Rfd1 Rd8 12. Be1 Bd7 13. h3 Rac8 14. a5 cxd4 15.
exd4 Nxa5 16. Bd3 Nb3 17. Rab1 Bc6 18. Ne4 Nxe4 19. Bxe4 Bxe4 20. Qxe4 Qc6 21.
Qe3 Qd5 22. Rd3 Nc5 23. Bb4 Nxd3 24. Bxe7 Re8 25. Ba3 e5 26. Rd1 e4 27. Nd2 f5
28. f3 Rcd8 29. fxe4 fxe4 0-1

[Event "Hoogeveen Open"]
[Site "Hoogeveen, Netherlands"]
[Date "2016.10.19"]
[Round "6.33"]
[White "Bos, Robin"]
[Black "Kouwenhoven, Derk"]
[Result "0-1"]
[WhiteElo "2025"]
[BlackElo "1964"]
[PlyCount "80"]
[EventDate "2016.??.??"]

1. e4 e5 2. Nc3 Nf6 3. f4 d5 4. fxe5 Nxe4 5. Qf3 Nxc3 6. bxc3 Be7 7. d4 c5 8.
Ne2 Nc6 9. g3 O-O 10. Bg2 Be6 11. O-O Qd7 12. Be3 f6 13. h3 fxe5 14. Qh5 g6 15.
Qh6 Nd8 16. Rxf8+ Bxf8 17. Qh4 Nf7 18. dxe5 Be7 19. Qf4 Bxh3 20. Rd1 Bxg2 21.
Kxg2 Qc6 22. Kh2 Bg5 23. Qf3 Bxe3 24. Qxe3 Re8 25. Nf4 Nxe5 26. Qe2 d4 27. Rf1
dxc3 28. g4 Qd7 29. Kg3 Qd2 30. Re1 Qxe2 31. Rxe2 Kf7 32. Re3 Nc4 33. Rxc3 Re3+
34. Rxe3 Nxe3 35. c3 g5 36. Ne2 Ke6 37. Kf3 Nc4 38. Ng3 Ne5+ 39. Ke2 Kd5 40.
Nf5 Nxg4 0-1

[Event "Hoogeveen Open"]
[Site "Hoogeveen, Netherlands"]
[Date "2016.10.19"]
[Round "6.34"]
[White "De Boer, Eelke"]
[Black "Van Randtwijk, Mick"]
[Result "0-1"]
[WhiteElo "2018"]
[BlackElo "1932"]
[PlyCount "117"]
[EventDate "2016.??.??"]

1. e4 c5 2. Nf3 Nc6 3. d4 cxd4 4. Nxd4 g6 5. c4 Bg7 6. Be3 Nf6 7. Nc3 O-O 8.
Be2 d6 9. O-O Bd7 10. Qd2 a5 11. b3 Nxd4 12. Bxd4 Bc6 13. f3 Nd7 14. Be3 Nc5
15. Rab1 h5 16. Rfc1 Kh7 17. Rc2 Rh8 18. a3 Qf8 19. b4 axb4 20. axb4 Na4 21.
Nd5 Bxd5 22. exd5 e6 23. c5 exd5 24. Qxd5 Nc3 25. Rxc3 Bxc3 26. cxd6 Rd8 27.
Bf4 Qg7 28. Kh1 Rhe8 29. Bb5 Re6 30. Qxb7 Bxb4 31. Bc4 Re1+ 32. Rxe1 Bxe1 33.
Qe7 Bh4 34. Qa7 Be7 35. h3 Bxd6 36. Bxd6 Rxd6 37. Qxf7 Qxf7 38. Bxf7 h4 39. Kg1
Rd2 40. f4 Kg7 41. Be6 Kf6 42. Bg4 Rd4 43. g3 hxg3 44. Kg2 Rd3 45. Bf3 Kf5 46.
Kxg3 Ra3 47. h4 Rb3 48. Kg2 Kxf4 49. Bd1 Rb1 50. Be2 Rb2 51. Kf2 Rxe2+ 52. Kxe2
Kg4 53. Kf2 Kxh4 54. Kg2 Kg4 55. Kf2 Kh3 56. Kg1 Kg3 57. Kh1 g5 58. Kg1 g4 59.
Kh1 0-1

[Event "Hoogeveen Open"]
[Site "Hoogeveen, Netherlands"]
[Date "2016.10.19"]
[Round "6.35"]
[White "Hendriks, Richard"]
[Black "Kokje, Joris"]
[Result "1-0"]
[WhiteElo "2122"]
[BlackElo "2126"]
[PlyCount "85"]
[EventDate "2016.??.??"]

1. e4 c5 2. Nf3 d6 3. d4 cxd4 4. Nxd4 Nf6 5. Nc3 Nc6 6. Be2 e6 7. O-O Be7 8.
Be3 a6 9. Kh1 Nxd4 10. Bxd4 b5 11. a3 Bb7 12. Bd3 e5 13. Be3 d5 14. exd5 Nxd5
15. Nxd5 Qxd5 16. f3 Qe6 17. Qe2 Rc8 18. a4 b4 19. b3 O-O 20. Bc4 Qc6 21. Bc1
Bf6 22. Bb2 Rfe8 23. Rad1 h6 24. Qf2 Rcd8 25. Ba1 h5 26. Qg3 h4 27. Qg4 Rd6 28.
Qh5 Re7 29. h3 Red7 30. Rde1 g6 31. Qxg6+ Bg7 32. Qf5 Rg6 33. Bxe5 Bxe5 34.
Rxe5 Kg7 35. Re4 Qd6 36. Rg4 Re7 37. Bd3 Bc6 38. Rxh4 Re5 39. Qc8 Re8 40. Qf5
Re5 41. Qf4 Rf6 42. Qg4+ Kf8 43. Qxb4 1-0

[Event "Hoogeveen Open"]
[Site "Hoogeveen, Netherlands"]
[Date "2016.10.19"]
[Round "6.36"]
[White "Bruggink, Tycho"]
[Black "De Boer, Bas"]
[Result "0-1"]
[WhiteElo "1895"]
[BlackElo "2149"]
[PlyCount "72"]
[EventDate "2016.??.??"]

1. e4 c5 2. Nf3 e6 3. d4 cxd4 4. Nxd4 Nc6 5. c4 Nf6 6. Nc3 Bb4 7. Nxc6 bxc6 8.
Bd3 e5 9. Bd2 d6 10. a3 Bc5 11. h3 O-O 12. O-O Be6 13. Bg5 h6 14. Bh4 g5 15.
Bg3 Bd4 16. Re1 Rb8 17. Qe2 Nd7 18. Qc2 Nc5 19. b4 Nxd3 20. Qxd3 f5 21. Rac1 f4
22. Bh2 f3 23. gxf3 Qe8 24. Ne2 Qh5 25. Nxd4 exd4 26. f4 gxf4 27. Kh1 Bxh3 28.
Rg1+ Kh7 29. f3 c5 30. Rb1 Rg8 31. Rxg8 Rxg8 32. Rb2 Be6 33. bxc5 dxc5 34. Rb7+
Kh8 35. Rb3 Qh3 36. Qd2 Qf1+ 0-1

[Event "Hoogeveen Open"]
[Site "Hoogeveen, Netherlands"]
[Date "2016.10.19"]
[Round "6.37"]
[White "Van der Raaf, Erik"]
[Black "Hilwerda, Jonas"]
[Result "1-0"]
[WhiteElo "2117"]
[BlackElo "2013"]
[PlyCount "67"]
[EventDate "2016.??.??"]

1. e4 e5 2. Nc3 Nc6 3. Bc4 Nf6 4. d3 Be7 5. f4 d6 6. Nf3 Bg4 7. O-O O-O 8. h3
Bxf3 9. Qxf3 Na5 10. Bb3 Nxb3 11. axb3 c6 12. Kh1 Nd7 13. Be3 f5 14. Qg3 fxe4
15. dxe4 Bf6 16. Rad1 Qe7 17. f5 Nb6 18. Qf2 Qc7 19. g4 h6 20. Rg1 g5 21. fxg6
Bg5 22. Qd2 Bxe3 23. Qxe3 Kg7 24. Ne2 Rf6 25. g5 hxg5 26. Ng3 Rxg6 27. Nf5+ Kf7
28. Rxg5 Rag8 29. Nxd6+ Ke6 30. Rxg6+ Rxg6 31. Qf3 Qxd6 32. Rxd6+ Kxd6 33. Qf8+
Ke6 34. Qf5+ 1-0

[Event "Hoogeveen Open"]
[Site "Hoogeveen, Netherlands"]
[Date "2016.10.19"]
[Round "6.38"]
[White "Pieters, Minko"]
[Black "Den Dunnen, Lola"]
[Result "1/2-1/2"]
[WhiteElo "1954"]
[BlackElo "1890"]
[PlyCount "64"]
[EventDate "2016.??.??"]

1. d4 Nf6 2. c4 e6 3. a3 d5 4. c5 Be7 5. Nf3 O-O 6. b4 b6 7. Nc3 c6 8. Bf4 bxc5
9. dxc5 Bb7 10. h3 Nbd7 11. g4 Ne4 12. Nxe4 dxe4 13. Nd2 e5 14. Be3 Nf6 15. Qc2
a5 16. Nb3 axb4 17. axb4 Rxa1+ 18. Nxa1 Qa8 19. Qb2 Nd5 20. Nc2 Qa4 21. Bg2 Nf4
22. Bxe4 Ba6 23. Bxf4 exf4 24. O-O Bxe2 25. Ra1 Qb5 26. Nd4 Bf6 27. Nxb5 Bxb2
28. Ra2 Bxb5 29. Rxb2 Re8 30. Rd2 g6 31. f3 Ra8 32. Rd6 Ra1+ 1/2-1/2

[Event "Hoogeveen Open 2016"]
[Site "Hoogeveen"]
[Date "2016.10.20"]
[Round "7.1"]
[White "Nitin, S."]
[Black "Gupta, Abhijeet"]
[Result "0-1"]
[BlackElo "2626"]
[WhiteElo "2410"]
[LiveChessVersion "1.4.8"]

1. e4 {[%clk 1:30:26]} e6 {[%clk 1:30:45]} 2. d4 {[%clk 1:30:49]} d5
{[%clk 1:31:10]} 3. Nc3 {[%clk 1:31:14]} Nf6 {[%clk 1:31:35]} 4. Bg5
{[%clk 1:31:39]} dxe4 {[%clk 1:32:00]} 5. Nxe4 {[%clk 1:32:05]} Be7
{[%clk 1:32:25]} 6. Bxf6 {[%clk 1:32:29]} gxf6 {[%clk 1:32:52]} 7. Nf3
{[%clk 1:32:53]} f5 {[%clk 1:33:06]} 8. Nc3 {[%clk 1:33:18]} a6 {[%clk 1:33:27]}
9. Qe2 {[%clk 1:33:43]} Qd6 {[%clk 1:31:10]} 10. O-O-O {[%clk 1:32:32]} Nd7
{[%clk 1:31:22]} 11. g3 {[%clk 1:17:40]} b5 {[%clk 1:29:16]} 12. d5
{[%clk 1:15:32]} Bb7 {[%clk 1:26:21]} 13. Nd4 {[%clk 1:13:00]} O-O-O
{[%clk 1:17:50]} 14. dxe6 {[%clk 1:08:17]} Bxh1 {[%clk 1:12:21]} 15. exd7+
{[%clk 1:06:41]} Rxd7 {[%clk 1:12:24]} 16. Nxf5 {[%clk 1:03:32]} Bg5+
{[%clk 1:11:11]} 17. f4 {[%clk 1:02:23]} Bxf4+ {[%clk 0:56:43]} 18. Kb1
{[%clk 0:51:07]} Qe6 {[%clk 0:49:19]} 19. Rxd7 {[%clk 0:51:06]} Qxd7
{[%clk 0:49:29]} 20. Bh3 {[%clk 0:50:40]} Kb8 {[%clk 0:49:24]} 21. gxf4
{[%clk 0:38:54]} Re8 {[%clk 0:49:06]} 22. Qd1 {[%clk 0:31:09]} Qxd1+
{[%clk 0:47:45]} 23. Nxd1 {[%clk 0:31:35]} Re2 {[%clk 0:48:09]} 24. Nfe3
{[%clk 0:19:03]} Rxh2 {[%clk 0:45:44]} 25. Bf1 {[%clk 0:19:18]} Bf3
{[%clk 0:45:28]} 26. a4 {[%clk 0:16:27]} bxa4 {[%clk 0:43:29]} 27. Bxa6
{[%clk 0:15:27]} h5 {[%clk 0:43:35]} 28. Bc4 {[%clk 0:14:13]} f6 {[%clk 0:40:05]}
29. Bd5 {[%clk 0:12:08]} Bxd1 {[%clk 0:36:17]} 30. Nxd1 {[%clk 0:12:33]} Rd2
{[%clk 0:36:43]} 31. Bf3 {[%clk 0:11:50]} h4 {[%clk 0:37:09]} 32. Kc1
{[%clk 0:08:34]} Rd4 {[%clk 0:37:31]} 33. f5 {[%clk 0:08:32]} Rf4
{[%clk 0:34:28]} 34. Bc6 {[%clk 0:08:46]} Rxf5 {[%clk 0:33:28]} 35. Ne3
{[%clk 0:08:58]} Rg5 {[%clk 0:30:59]} 36. Bd7 {[%clk 0:06:45]} h3
{[%clk 0:28:16]} 37. Bxa4 {[%clk 0:03:41]} Kb7 {[%clk 0:26:47]} 0-1

[Event "Hoogeveen Open 2016"]
[Site "Hoogeveen"]
[Date "2016.10.20"]
[Round "7.2"]
[White "Lalith Babu M R"]
[Black "Ernst, Sipke"]
[Result "1-0"]
[BlackElo "2540"]
[WhiteElo "2586"]
[LiveChessVersion "1.4.8"]

1. Nf3 {[%clk 1:30:54]} Nf6 {[%clk 1:30:56]} 2. c4 {[%clk 1:31:19]} g6
{[%clk 1:29:24]} 3. Nc3 {[%clk 1:31:01]} Bg7 {[%clk 1:29:05]} 4. d4
{[%clk 1:31:07]} O-O {[%clk 1:29:29]} 5. e4 {[%clk 1:31:33]} d6 {[%clk 1:29:56]}
6. Be2 {[%clk 1:31:26]} c5 {[%clk 1:30:22]} 7. O-O {[%clk 1:31:20]} Nc6
{[%clk 1:30:48]} 8. d5 {[%clk 1:31:16]} Na5 {[%clk 1:31:16]} 9. h3
{[%clk 1:27:11]} e5 {[%clk 1:22:18]} 10. Be3 {[%clk 1:16:13]} Nh5
{[%clk 1:16:04]} 11. Re1 {[%clk 1:16:00]} Bd7 {[%clk 1:13:51]} 12. Qd2
{[%clk 1:07:58]} a6 {[%clk 1:09:25]} 13. Rab1 {[%clk 1:07:20]} b6
{[%clk 1:04:11]} 14. b4 {[%clk 1:05:54]} Nb7 {[%clk 1:04:14]} 15. Bd1
{[%clk 0:53:27]} cxb4 {[%clk 0:52:51]} 16. Rxb4 {[%clk 0:53:44]} Nc5
{[%clk 0:53:18]} 17. Be2 {[%clk 0:48:46]} a5 {[%clk 0:38:42]} 18. Rb2
{[%clk 0:49:03]} f5 {[%clk 0:38:46]} 19. exf5 {[%clk 0:27:42]} gxf5
{[%clk 0:38:36]} 20. Reb1 {[%clk 0:25:41]} e4 {[%clk 0:34:58]} 21. Bxc5
{[%clk 0:16:04]} bxc5 {[%clk 0:32:42]} 22. Ne1 {[%clk 0:16:02]} Qh4
{[%clk 0:30:35]} 23. Bxh5 {[%clk 0:15:14]} Qxh5 {[%clk 0:30:55]} 24. Rb6
{[%clk 0:15:39]} f4 {[%clk 0:19:23]} 25. Nxe4 {[%clk 0:12:38]} Rae8
{[%clk 0:16:26]} 26. Nxd6 {[%clk 0:10:17]} Re2 {[%clk 0:15:14]} 27. Qd3
{[%clk 0:10:41]} Bd4 {[%clk 0:14:31]} 28. Qf3 {[%clk 0:10:15]} Bxf2+
{[%clk 0:08:45]} 29. Kf1 {[%clk 0:10:35]} Qxf3 {[%clk 0:07:25]} 30. Nxf3
{[%clk 0:11:01]} Rxa2 {[%clk 0:07:51]} 31. Rb7 {[%clk 0:09:39]} Ba4
{[%clk 0:07:58]} 32. R7b2 {[%clk 0:09:00]} Rxb2 {[%clk 0:08:24]} 33. Rxb2
{[%clk 0:09:27]} Be3 {[%clk 0:06:49]} 34. Ra2 {[%clk 0:09:47]} Bb3
{[%clk 0:02:56]} 35. Rxa5 {[%clk 0:10:12]} Rd8 {[%clk 0:03:20]} 36. Ra6
{[%clk 0:10:22]} Rb8 {[%clk 0:03:19]} 37. Ke2 {[%clk 0:09:15]} Bc2
{[%clk 0:03:25]} 38. Nb5 {[%clk 0:04:09]} Re8 {[%clk 0:03:39]} 39. Nc7
{[%clk 0:04:16]} Rb8 {[%clk 0:03:17]} 40. Nb5 {[%clk 0:03:02]} Re8
{[%clk 0:02:48]} 41. Nc7 {[%clk 0:02:14]} Rb8 {[%clk 0:02:18]} 42. Ra8
{[%clk 0:29:59]} Rxa8 {[%clk 0:32:42]} 43. Nxa8 Kf7 {[%clk 0:29:33]} 44. Nc7
{[%clk 0:30:41]} Ke7 {[%clk 0:27:09]} 45. Nb5 {[%clk 0:18:46]} Bc1
{[%clk 0:19:54]} 46. Ne5 {[%clk 0:17:48]} Be4 {[%clk 0:10:21]} 47. d6+
{[%clk 0:16:49]} Kd8 {[%clk 0:10:16]} 48. Nc7 {[%clk 0:15:51]} f3+
{[%clk 0:10:34]} 49. gxf3 {[%clk 0:15:25]} Bf5 {[%clk 0:11:01]} 50. Nd3
{[%clk 0:15:35]} Bh6 {[%clk 0:09:37]} 51. Nxc5 {[%clk 0:11:58]} Bxh3
{[%clk 0:10:02]} 52. N7e6+ {[%clk 0:09:44]} Bxe6 {[%clk 0:10:27]} 53. Nxe6+
{[%clk 0:10:12]} Kd7 {[%clk 0:10:27]} 54. Nd4 {[%clk 0:10:38]} Bg7
{[%clk 0:05:57]} 55. Nf5 {[%clk 0:07:17]} Bf6 {[%clk 0:06:19]} 56. c5
{[%clk 0:06:59]} h5 {[%clk 0:03:47]} 57. Ng3 {[%clk 0:06:00]} h4 {[%clk 0:03:07]}
58. Ne4 {[%clk 0:06:26]} Be5 {[%clk 0:02:52]} 59. Kf1 {[%clk 0:05:40]} h3
{[%clk 0:03:18]} 60. Kg1 {[%clk 0:06:04]} Kc6 {[%clk 0:03:08]} 61. Kh1
{[%clk 0:06:12]} Bf4 {[%clk 0:02:46]} 62. Nf2 {[%clk 0:06:18]} Bg3
{[%clk 0:01:04]} 63. Nd3 {[%clk 0:06:21]} Kd7 {[%clk 0:01:14]} 64. f4
{[%clk 0:06:13]} Ke6 {[%clk 0:01:32]} 65. Kg1 {[%clk 0:06:35]} Kd7
{[%clk 0:01:53]} 66. Ne5+ {[%clk 0:05:34]} Kd8 {[%clk 0:01:25]} 67. c6
{[%clk 0:05:53]} 1-0

[Event "Hoogeveen Open 2016"]
[Site "Hoogeveen"]
[Date "2016.10.20"]
[Round "7.3"]
[White "Sandipan, Chanda"]
[Black "Shyam, Sundar M."]
[Result "1-0"]
[BlackElo "2552"]
[WhiteElo "2593"]
[LiveChessVersion "1.4.8"]

1. d4 {[%clk 1:30:56]} Nf6 {[%clk 1:30:43]} 2. Nf3 {[%clk 1:31:14]} g6
{[%clk 1:31:02]} 3. g3 {[%clk 1:31:34]} b6 {[%clk 1:26:21]} 4. Bg2
{[%clk 1:31:12]} Bb7 {[%clk 1:26:48]} 5. c4 {[%clk 1:29:13]} Bg7 {[%clk 1:26:40]}
6. O-O {[%clk 1:29:25]} O-O {[%clk 1:27:07]} 7. Qc2 {[%clk 1:25:19]} e6
{[%clk 1:06:04]} 8. Nc3 {[%clk 1:25:11]} d6 {[%clk 1:03:58]} 9. e4
{[%clk 1:24:31]} Nbd7 {[%clk 1:03:56]} 10. h3 {[%clk 1:21:29]} e5
{[%clk 0:50:26]} 11. Be3 {[%clk 1:16:57]} exd4 {[%clk 0:48:28]} 12. Nxd4
{[%clk 1:17:03]} Re8 {[%clk 0:48:55]} 13. Rad1 {[%clk 1:13:40]} Nc5
{[%clk 0:47:44]} 14. f3 {[%clk 1:13:12]} Nfd7 {[%clk 0:46:04]} 15. b4
{[%clk 1:04:11]} Ne6 {[%clk 0:46:00]} 16. Nxe6 {[%clk 1:02:23]} Rxe6
{[%clk 0:45:50]} 17. Nd5 {[%clk 1:01:16]} a5 {[%clk 0:44:10]} 18. b5
{[%clk 0:58:32]} Re8 {[%clk 0:33:45]} 19. f4 {[%clk 0:57:46]} Bxd5
{[%clk 0:32:15]} 20. cxd5 {[%clk 0:58:03]} Nc5 {[%clk 0:32:23]} 21. e5
{[%clk 0:53:35]} Rb8 {[%clk 0:21:22]} 22. e6 {[%clk 0:53:19]} f5 {[%clk 0:21:48]}
23. g4 {[%clk 0:49:12]} Rf8 {[%clk 0:21:46]} 24. Rde1 {[%clk 0:48:59]} Qe7
{[%clk 0:20:13]} 25. Bf3 {[%clk 0:48:41]} Rbe8 {[%clk 0:20:15]} 26. Re2
{[%clk 0:46:14]} Qf6 {[%clk 0:18:26]} 27. Rg2 {[%clk 0:44:10]} Qc3
{[%clk 0:17:12]} 28. Qxc3 {[%clk 0:42:20]} Bxc3 {[%clk 0:17:39]} 29. h4
{[%clk 0:41:21]} Re7 {[%clk 0:10:41]} 30. h5 {[%clk 0:39:32]} fxg4
{[%clk 0:02:45]} 31. Rxg4 {[%clk 0:38:55]} Rg7 {[%clk 0:02:03]} 32. Rc1
{[%clk 0:38:22]} Bf6 {[%clk 0:01:03]} 33. Rc2 {[%clk 0:37:42]} g5
{[%clk 0:00:33]} 34. fxg5 {[%clk 0:36:10]} Bxg5 {[%clk 0:00:39]} 35. Bxg5
{[%clk 0:36:18]} Rxf3 {[%clk 0:00:47]} 36. Rcg2 {[%clk 0:36:18]} Rf5
{[%clk 0:00:31]} 37. Bh6 {[%clk 0:36:22]} Rxg4 {[%clk 0:00:54]} 38. Rxg4+
{[%clk 0:36:48]} Kh8 {[%clk 0:01:21]} 39. e7 {[%clk 0:37:09]} 1-0